000 01316nam a2200361Ia 4500
001 sjdsz9livm b1483301
003 sjds
005 20171129190132.0
008 070201s2006 nyua b 000 f spa d
020 _a0439874262 (pbk.)
020 _a9780439874267 (pbk.)
040 _csjds
041 1 _aspa
_heng
090 _ajSPAN FIC
_bPARK, B.
100 1 _aPark, Barbara.
245 1 0 _aJunie B. Jones busca una mascota /
_cpor Barbara Park ; ilustrado por Denise Brunkus ; [translated by Aurora Hernandez].
246 3 0 _aJunie B. Jones smells something fishy.
250 _aSpanish.
260 _aNew York :
_bScholastic,
_cc2006.
300 _a66 p. :
_bill. ;
_c20 cm.
490 1 _aJunie B. Jones.
500 _aTranslation of: Junie B. Jones smells something fishy.
500 _a"Scholastic en español"
520 _aFrustrated because the rules for her class's Pet Day will not let her take her dog to school, Junie B. Jones considers taking a raccoon, a worm, a dead fish, and other unusual replacements.
650 1 _aPets
_vFiction.
650 1 _aKindergarten
_vFiction.
650 1 _aSchools
_vFiction.
650 0 _aSpanish language materials.
700 1 _aBrunkus, Denise.
700 1 _aHernández, Aurora.
800 1 _aPark, Barbara.
_tJunie B. Jones series.
942 _cBK
999 _c17446
_d17446